Catálogo
 En Linea

Versainograma a Santo Domingo : (Registro nro. 45987)

Detalles MARC
000 -CABECERA
campo de control de longitud fija 00554nam a2200157 a 4500
001 - NÚMERO DE CONTROL
campo de control 000046498
005 - FECHA Y HORA DE LA ÚLTIMA TRANSACCIÓN
campo de control 20201002052920.0
008 - DATOS DE LONGITUD FIJA--INFORMACIÓN GENERAL
campo de control de longitud fija 150820s200u dr a 000 p spa d
040 ## - FUENTE DE LA CATALOGACIÓN
Centro catalogador/agencia de origen DO-SdBNP
Lengua de catalogación spa
Centro/agencia transcriptor BNPHU
082 ## - NÚMERO DE LA CLASIFICACIÓN DECIMAL DEWEY
Número de clasificación xxx
Número de documento/Ítem xxxx
100 1# - ENTRADA PRINCIPAL--NOMBRE DE PERSONA
Nombre de persona Neruda, Pablo
Fechas asociadas al nombre 1904-1973
9 (RLIN) 9164
245 10 - MENCIÓN DE TÍTULO
Título Versainograma a Santo Domingo :
Resto del título desde isla negra (Chile) en febrero de 1966 /
Mención de responsabilidad, etc. Pablo Neruda.
260 ## - PUBLICACIÓN, DISTRIBUCIÓN, ETC.
Lugar de publicación, distribución, etc. Santo Domingo :
Nombre del editor, distribuidor, etc. Universitaria
-- Universidad Autónoma de Santo Domingo,
Fecha de publicación, distribución, etc. [200u].
300 ## - DESCRIPCIÓN FÍSICA
Extensión 48 p. :
Otras características físicas il. ;
Dimensiones 10 cm.
590 ## - NOTA LOCAL (RLIN)
Nota local Inventariado, 2018/ YL
Existencias
Estado de retiro Estado de pérdida No para préstamo Código de colección Localización permanente Ubicación/localización actual Ubicación en estantería Fecha de adquisición Número de inventario Total de préstamos Signatura topográfica completa Código de barras Fecha visto por última vez Precio válido a partir de Tipo de ítem Koha
    Excluido de préstamo Patrimonio Dominicano Patrimonio Dominicano Patrimonio Dominicano En catalogación 20.08.2015 LF1   xxx xxxx 46498-10 25.06.2020 25.06.2020 Libro y Folleto Colección Patrimonio Dominicano

Con tecnología Koha